Normal view
MARC view
- Rao, G V
Entry Personal Name
001 - CONTROL NUMBER
- control field: 7859
003 - CONTROL NUMBER IDENTIFIER
- control field: OSt
005 - DATE AND TIME OF LATEST TRANSACTION
- control field: 20260213112633.0
008 - FIXED-LENGTH DATA ELEMENTS
- fixed length control field: 260213|| aca||aabn | a|a d
040 ## - CATALOGING SOURCE
- Original cataloging agency: OSt
- Transcribing agency: OSt
100 ## - HEADING--PERSONAL NAME
- Personal name: Rao, G V
670 ## - SOURCE DATA FOUND
- Source citation: Work cat.: (OSt)818: Varma, C V J . 1479, Ground Improvement with Geo synthatics / , 1995.
